Missing Word: 'E' #1s Quiz Stats

 Plays Quiz Updated Nov 13, 2012

Support Sporcle.
Go Orange.
Score 0/18 Timer 03:00
0 Plays Today
Single Title 'E' Word % Correct
Heaven is a Place on ____Earth
98.3%
Can't Get ____ of Your Love, BabeEnough
91.6%
Total ____ of the HeartEclipse
91.4%
Walk Like an ____Egyptian
90.6%
____ Days a WeekEight
89.7%
____ and IvoryEbony
89.5%
____ Wants to Rule the WorldEverybody
83.4%
St. ____ Fire (Man in Motion)Elmo's
77.9%
____ Said Than DoneEasier
71.6%
Single Title 'E' Word % Correct
____ State of MindEmpire
68.1%
Come on ____Eileen
67.8%
Bette Davis ____Eyes
66.8%
Duke of ____Earl
61.3%
Give Me ____Everything
52.4%
____ LoveEndless
47%
____ PeopleEveryday
44.5%
____ (The PiƱa Colada Song)Escape
27.5%
So ____Emotional
18.9%

Today's Daily Dose

Missing Word
'80s Musicals

Word Ladder
Hereditary

Get the Picture
Food Names

From the Vault

Baby Names: 'W', 'Y' & 'Z' Girl Names by Decade

by triplet_3

If you want your daughter's name to stand out we suggest looking to the end of the alphabet.
Remove Ads.
Support Sporcle.
Get the best of Sporcle when you Go Orange. This ad-free experience offers more features, more stats, and more fun while also helping to support Sporcle. Thank you for becoming a member.

Show Comments

Extras

Top Quizzes Today


Score Distribution

Your Account Isn't Verified!

In order to create a playlist on Sporcle, you need to verify the email address you used during registration. Go to your Sporcle Settings to finish the process.

Report this User

Report this user for behavior that violates our Community Guidelines.

Details: